| 000 | 00938cam a2200133 4500500 | ||
|---|---|---|---|
| 005 | 20251130002921.0 | ||
| 041 | _afre | ||
| 042 | _adc | ||
| 100 | 1 | 0 |
_aRullac, Stéphane _eauthor |
| 245 | 0 | 0 | _aEt si les SDF n'étaient pas des exclus ? : Essai ethnologique pour une définition positive |
| 260 |
_bL'Harmattan,
_c2005. |
||
| 520 | _aCet ouvrage postule que les Sans Domicile Fixe (SDF) appartiennent à l’environnement culturel qui les entoure même s’ils se distinguent par des modes de vie spécifiques. Il ne s’agit pas de «tribaliser» les sans-logis mais de caractériser une composante de notre culture contemporaine qui participe à sa diversité. Cette enquête tente de définir positivement ceux qui sont trop souvent (dé)considérés en fonction de ce qu’ils ne partagent plus. | ||
| 856 | 4 | 1 | _uhttps://shs.cairn.info/et-si-les-sdf-netaient-pas-des-exclus--9782747578868?lang=fr&redirect-ssocas=7080 |
| 999 |
_c1565903 _d1565903 |
||